Por qué son argentinas : para entender, de un modo simple, los derechos argentinos sobre Malvinas /

Guardado en:
Autor Principal: Fernández Peña, Marcos.
Otros Autores: Arrué, Federico Daniel.
Formato: Libro
Idioma:Undetermined
Publicado: Bahía Blanca : EdiUNS, 2026.
Edición:1a. ed.
Materias:
Etiquetas: Agregar Etiqueta
Sin Etiquetas, Sea el primero en etiquetar este registro!
LEADER 00855nam a22002175a 4500
001 DER.der015725
008 260527s2026####ag############000#0#und#d
005 20260616144724.0
245 1 0 |a Por qué son argentinas :  |b para entender, de un modo simple, los derechos argentinos sobre Malvinas /  |c Marcos Fernández Peña y Federico Daniel Arrué. 
250 |a 1a. ed. 
260 |a Bahía Blanca :  |b EdiUNS,  |c 2026. 
300 |a 119 p. 
020 |a 9789876554343 
100 1 |a Fernández Peña, Marcos. 
700 1 |a Arrué, Federico Daniel. 
650 7 |a DERECHO INTERNACIONAL PÚBLICO 
859 |a DERECHO  |b BIB. DERECHO  |h 340  |i FER  |p 0010813 
859 |a DERECHO  |b BIB. DERECHO  |h 340  |i FER  |p 0010814  |t 1 
859 |a DERECHO  |b BIB. DERECHO  |h 340  |i FER  |p 0010815  |t 2 
859 |a DERECHO  |b BIB. DERECHO  |h 340  |i FER  |p 0010816  |t 3 
859 |a DERECHO  |b BIB. DERECHO  |h 340  |i FER  |p 0010819  |t 4